Score 0/18 Timer 03:00
4 Plays Today
% Correct
Sinatra
92.3%
Stallone, Jr.
90.9%
Lloyd Wright
81.4%
Zamboni
79.8%
Capra
67.2%
Zappa
66.8%
Abagnale
65.9%
Langella
58.3%
McCourt
55.7%
% Correct
Caliendo
51.5%
Gore
51.1%
Costello
44%
Borman
41%
Ocean
32.8%
Tanana
32.4%
Rijkaard
31.4%
Grillo
22.6%
Yerby
20.2%
Remove Ads.
Support Sporcle.
Get the best of Sporcle when you Go Orange. This ad-free experience offers more features, more stats, and more fun while also helping to support Sporcle. Thank you for becoming a member.

You're not logged in!

Compare scores with friends on all Sporcle quizzes.
OR
Log In

Show Comments

Extras

Top Quizzes Today


Score Distribution

Your Account Isn't Verified!

In order to create a playlist on Sporcle, you need to verify the email address you used during registration. Go to your Sporcle Settings to finish the process.

Report this User

Report this user for behavior that violates our Community Guidelines.

Details: